Geography - U - Statistics

General Stats
  • This quiz has been taken 43 times
  • The average score is 8 of 15
Answer Stats
Hint Answer % Correct
Country nestled between Argentina and Brazil. Uruguay
100%
Mountain range that constitutes the border between Europe & Asia. Urals
93%
Its capital city is Tashkent. Uzbekistan
93%
The city wherein the Genghis Khan Equestrian Statue lies. Ulaanbaatar
91%
Historical Irish province largely consisting of Northern Ireland today. Ulster
86%
Its capital city is by a salt lake. Utah
81%
Country that borders the world's 2nd-largest freshwater lake. Uganda
79%
Site of the largest European conflict since WWII. Ukraine
74%
Italian region whose capital is Perugia. Umbria
60%
India's most populous state. Uttar Pradesh
47%
The United States' northernmost city. Utqiagvik
19%
Ancient city located between Bizerte and Tunis. Utica
7%
Landlocked city and province in Türkiye's Aegean Region. Uşak
2%
A chiefdom in France's Wallis and Futuna territory in the Pacific. Uvea
2%
Freshwater lake in Xinjiang's north. Ulungur
0%
No matching quizzes found
Score Distribution
Percent of People with Each Score
Percentile by Number Answered
Your Score History
You have not taken this quiz